Current issues on human rights

Detalles Bibliográficos
Autor principal: Fernǹdez Liesa, Carlos
Otros Autores: Barranco Avilš, M® del Carmen, Sungurov, Alexander, Llamazares Calazadilla, Maria Cruz, Přez de la Fuente, Oscar
Formato: eBook
Lenguaje:inglés
Publicado: Madrid: Dykinson, 2019
Materias:
Acceso en línea:Acceso restringido

MARC

LEADER 00000nam a22000007a 4500
005 20200522154325.0
007 cr|||| ||||
008 200522s2019 es |||||s|||| 00||0 eng d
020 |a 978-84-1324-5959 
035 |a 31445 
040 |a vLex 
090 |c 10382  |d 10382 
100 1 |a Fernǹdez Liesa, Carlos 
245 1 0 |a Current issues on human rights  |h [Recurso electrn̤ico] /  |c Carlos Fernǹdez Liesa, M® del Carmen Barranco Avilš, Alexander Sungurov, Maria Cruz Llamazares Calazadilla, Oscar Přez de la Fuente 
256 |a Servicio en ln̕ea 
260 |a Madrid:  |b Dykinson,  |c 2019 
300 |a 1 recurso electrn̤ico 
506 1 |a Disponible solo en los productos indicados  |d vLex Global  |d vLex Global (Academic Edition, excluding Law Schools)  |d vLex Global (U.S. Academic Edition, Law Schools)  |d vLex Global (U.S. Academic Edition, excluding Law Schools)  |d vLex Global (Academic Edition, Law Schools) 
650 0 4 |a Derecho Internacional  |z Espaą 
700 1 |a Barranco Avilš, M® del Carmen 
700 1 |a Sungurov, Alexander 
700 1 |a Llamazares Calazadilla, Maria Cruz 
700 1 |a Přez de la Fuente, Oscar 
740 0 |a vLex Libros (Servicio en ln̕ea) 
856 4 0 |u http://vlex.com/source/current-issues-human-rights-31445  |z Acceso restringido 
942 |c BOOK 
999 0 |a International right